|
|
|
|
| LEADER |
01176nam a2200289 a 4500 |
| 001 |
2616942 |
| 008 |
130117s1999 caua b 001 0 eng d |
| 035 |
|
|
|a (DLC) 98040071
|
| 010 |
|
|
|a 98040071
|
| 020 |
|
|
|a 9780761991298
|
| 020 |
|
|
|a 0761991298 (pbk. : alk. paper)
|
| 040 |
|
|
|a DLC
|c DLC
|d DLC
|d BD-DhAAL
|
| 082 |
0 |
0 |
|a 305.8/001
|2 21
|
| 245 |
0 |
0 |
|a Enhanced ethnographic methods :
|b audiovisual techniques, focused group interviews, and elicitation techniques /
|c Jean J. Schensul ... [et al.].
|
| 260 |
|
|
|a Walnut Creek, Calif. :
|b Altamira Press,
|c c1999.
|
| 300 |
|
|
|a xiii, 162 p. :
|b ill. ;
|c 23 cm.
|
| 440 |
|
4 |
|a The ethnographer's toolkit ;
|v v. 3
|
| 504 |
|
|
|a Includes bibliographical references and index.
|
| 541 |
1 |
|
|e 00026535
|
| 650 |
|
0 |
|a Ethnology
|x Methodology.
|
| 650 |
|
0 |
|a Ethnology
|x Research.
|
| 650 |
|
0 |
|a Ethnology
|x Audio-visual aids.
|
| 650 |
|
0 |
|a Focused group interviewing.
|
| 700 |
1 |
|
|a Schensul, Jean J.
|
| 852 |
1 |
|
|a Ayesha Abed library
|c General Shelf
|
| 999 |
|
|
|c 13128
|d 13128
|
| 952 |
|
|
|0 0
|1 0
|2 ddc
|4 0
|6 305_800100000000000_ENH
|7 0
|9 21846
|a JPGSPH
|b JPGSPH
|d 2013-01-21
|e Trim Education
|g 4250.00
|l 0
|o 305.8001 ENH
|p 3060026535
|r 2013-01-21
|t 1
|w 2013-01-21
|y BK
|